Score 0/18 Timer 05:00
1 Play Today
Jumble Musical % Correct
ecdkwiWicked
91.3%
onti hte sodowInto the Woods
80%
hte nma fo al cahnamThe Man of La Mancha
67.4%
a yare hitw orgf nad odtaA Year with Frog and Toad
67%
mdna keanyesDamn Yankees
57.9%
o'urey a ogod anm hlraeic wnborYou're A Good Man, Charlie Brown
57.5%
aohgcicChicago
57.1%
nassisassAssassins
51.3%
xnte ot oanlrmNext to Normal
44.6%
Jumble Musical % Correct
yparsarihHairspray
43.5%
raatl zbyoAltar Boyz
38.7%
idtyr nteotr clonssrudeDirty Rotten Scoundrels
34.2%
hte airespt fo ecnneapzThe Pirates of Penzance
31.7%
orhhgoytlu noredm imelilThoroughly Modern Millie
28%
ergy snagredGrey Gardens
27%
sierspmo, esispmorPromises, Promises
23%
eolcrausCarousel
8.4%
eoutrwninUrinetown
4.5%

You're not logged in!

Compare scores with friends on all Sporcle quizzes.
OR
Log In

Sporcle TV

Today on Sporcle TV


Watch our educational content, quiz creation guides, and fun videos on Sporcle TV.

Show Comments

Extras

Top Quizzes Today


Score Distribution

Your Account Isn't Verified!

In order to create a playlist on Sporcle, you need to verify the email address you used during registration. Go to your Sporcle Settings to finish the process.

Report this User

Report this user for behavior that violates our Community Guidelines.

Details: